000 00829nam a2200217 a 4500
001 000006381
005 20240305082246.0
008 090828s1999 dr 000 0 spa d
020 _a999343700X
040 _aDO-SdBNP
082 _axxxx
_bD671r
100 1 _aHéctor,
_d1956-
_917749
245 1 0 _aReforma y modernización /
_cHéctor Domínguez ; prólogo Fernando Pérez Memen ; revisión y corrección Domingo Antonio de la Cruz Sierra.
260 _aSanto Domingo, :
_bFundación Pro-municipalidad,
_c1999.
300 _a157 p. ;
_c21 cm.
504 _aIncluye referencias bibliográficas y notas al pie de las páginas
504 _aIncluye bibliografías (p. 149-156)
700 1 _aPérez Memén, Fernando,
_d1943-
_epról.
_938744
700 1 _aCruz Sierra, Domingo Antonio de la,
_erev. y corr.
_917750
049 _aBNPD
999 _c6176
_d6176